The Craft of Bookbinding : (Record no. 580717)

MARC details
000 -LEADER
fixed length control field 00481nam a2200193 a 4500
008 - FIXED-LENGTH DATA ELEMENTS--GENERAL INFORMATION
fixed length control field 250812s1993##################000#0#eng##
020 ## - INTERNATIONAL STANDARD BOOK NUMBER
ISBN 9780486278520
082 04 - DEWEY DECIMAL CLASSIFICATION NUMBER
Classification number 686.3
Item number BAN
100 1# - MAIN ENTRY--AUTHOR NAME
Personal name Banister, Manly,
245 10 - TITLE STATEMENT
Title The Craft of Bookbinding :
260 ## - PUBLICATION, DISTRIBUTION, ETC. (IMPRINT)
Name of publisher Courier Corporation,
Year of publication 1993.
300 ## - PHYSICAL DESCRIPTION
Number of Pages 164 pages
650 #0 - SUBJECT ADDED ENTRY--TOPICAL TERM
Topical Term Crafts & Hobbies.
942 ## - ADDED ENTRY ELEMENTS (KOHA)
Koha item type English Books
Holdings
Withdrawn status Lost status Damaged status Not for loan Home library Current library Shelving location Date acquired Full call number Accession Number Price effective from Koha item type
        Anna Centenary Library Anna Centenary Library 6TH FLOOR, B WING 12.08.2025 686.3 BAN 403174 12.08.2025 English Books
        Anna Centenary Library Anna Centenary Library 6TH FLOOR, B WING 12.08.2025 686.3 BAN 403175 12.08.2025 English Books

Find us on the map